Представление документа в формате RUSMARC

ПолеНазваниеЗначение
  Тип записи a
  Библиографический уровень m
001 Контрольный номер RU/SLIB/B/208724609
005 Дата корректировки 20201206203959.6
010 Индекс ISBN __
d Цена 21000-00
101 Язык документа __
a Язык текста rus
c Язык оригинала per
200 Заглавие и сведения об ответственности 1_
a Заглавие Картины Парижа
e Сведения, относящиеся к заглавию пер. с фр.
f Первые сведения об ответственности Мерсье Л.-С
b Общее обозначение материала Текст
205 Сведения об издании __
a Основные сведения об издании 2-е изд. (с сокр.)
210 Выходные данные __
a Место издания М.
c Издательство Прогресс-Акад.
d Дата издания 1995
215 Физическое описание __
a Объем 399 с.
606 Тематические рубрики __
a Основная рубрика История
y Географическая подрубрика Франция; Париж
606 Тематические рубрики __
a Основная рубрика История Европы в целом
610 Ключевые слова __
a Ключевые слова историческая литература; исторические даты; исторические факты; исторические деятели; персоналии
686 Индексы других классификаций __
a Классификационный индекс 63.3(4Фра)
700 Автор _1
a Фамилия Мерсье
b Имя Л.-С
4 Код отношения 070
801 Источник записи _0
a Страна RU
b Организация Муниципальное бюджетное учреждение культуры "Централизованная библиотечная система" г. Сургут (Центральная городская библиотека им. А. С. Пушкина)
g Правила каталогизации КИК/Елгина
801 Источник записи _1
a Страна RU
b Организация Муниципальное бюджетное учреждение культуры "Централизованная библиотечная система" г. Сургут (Центральная городская библиотека им. А. С. Пушкина)
g Правила каталогизации КИК/Елгина
852 Данные о местонахождении __
j Шифр хранения 63.3(4Фра)
c Каталожный индекс 63.3(4Фра)
i Авторский знак М 52
p Инвентарный номер 59606
901 Тип документа __
t Тип документа m
990 Данные о заказе (DOS) __
j Количество экземпляров (DOS) 2
t N записи в КСУ для И/У (DOS) 199701